Macmillan Four-Figure Mathematical Tables & Formulae (Record no. 985)

MARC details
005 - DATE AND TIME OF LATEST TRANSACTION
control field 20250319132700.0
020 ## - INTERNATIONAL STANDARD BOOK NUMBER
International Standard Book Number 9966-945-33-4
082 ## - DEWEY DECIMAL CLASSIFICATION NUMBER
Classification number 513.22 MAC
111 ## - MAIN ENTRY--MEETING NAME
Meeting name or jurisdiction name as entry element MACMILLAN PUBLISHERS LTD.
245 ## - TITLE STATEMENT
Title Macmillan Four-Figure Mathematical Tables & Formulae
250 ## - EDITION STATEMENT
Edition statement 3rd Ed.
260 ## - PUBLICATION, DISTRIBUTION, ETC.
Place of publication, distribution, etc. Nairobi,
Name of publisher, distributor, etc. Macmillan Kenya (Publishers) Ltd.
Date of publication, distribution, etc. 2005.
300 ## - PHYSICAL DESCRIPTION
Extent 50p.: table
Dimensions 21cm.
942 ## - ADDED ENTRY ELEMENTS (KOHA)
Source of classification or shelving scheme Dewey Decimal Classification
Koha item type Books
Holdings
Date last seen Total checkouts Full call number Barcode Cost, replacement price Price effective from Koha item type Lost status Source of classification or shelving scheme Damaged status Not for loan Withdrawn status Home library Current library Shelving location Date acquired Cost, normal purchase price
03/19/2025   513.22 MAC 0000003879 45000.00 03/19/2025 Books   Dewey Decimal Classification       College of Business Education Main Library College of Business Education Main Library General Collection 03/19/2025 15000.00
03/19/2025   513.22 MAC 0000003880 45000.00 03/19/2025 Books   Dewey Decimal Classification       College of Business Education Main Library College of Business Education Main Library General Collection 03/19/2025 15000.00